Ventilace a chlazení elektrických strojů točivých

Bibliographic Details
Main Author: Ondruška, Emil (Author)
Format: Book
Language:Undetermined
PhysicalDescription:439 s.
Published: Praha Státní nakladatelství technické literatury 1985

MARC

LEADER 00000nam a2200000 a 4500
001 vtls001272924
003 SK-MaSNL
005 20260301004020.0
008 240318s1985 xx 0 und
035 |a SNK000224076 
040 |a SNK  |b slo  |c SNK  |e AACR2 
100 1 |a Ondruška, Emil  |4 aut  |9 286222 
245 1 0 |a Ventilace a chlazení elektrických strojů točivých 
260 |a Praha  |b Státní nakladatelství technické literatury  |c 1985 
300 |a 439 s. 
958 |a OND 
999 |c 540976  |d 542906 
952 |t P60, <04>, [BOOK], {604}  |a SNK  |b SNK  |y VYP  |7 0  |p 17A0031848  |o snkIC 100692  |0 0  |1 0  |4 0  |d 1997-01-22  |l 0  |r 2005-01-01 00:00:00  |w 2026-02-23